Teoría monetaria y política fiscal / (Registro nro. 12190)
[ vista simple ]
| 000 -LEADER | |
|---|---|
| fixed length control field | 01640nam a2200289Ia 4500 |
| 003 - CONTROL NUMBER IDENTIFIER | |
| control field | OSt |
| 005 - DATE AND TIME OF LATEST TRANSACTION | |
| control field | 20210818121834.0 |
| 008 - FIXED-LENGTH DATA ELEMENTS--GENERAL INFORMATION | |
| fixed length control field | 210310s1960 ck ad gr 000 0 spa d |
| 040 ## - CATALOGING SOURCE | |
| Original cataloging agency | CO-JMCR |
| Transcribing agency | CO-JMCR |
| 041 1# - LANGUAGE CODE | |
| Language code of text/sound track or separate title | spa |
| Language code of original | eng |
| 082 04 - DEWEY DECIMAL CLASSIFICATION NUMBER | |
| Classification number | 332.401 / |
| Item number | H249t |
| Edition number | 23 |
| 100 1# - MAIN ENTRY--PERSONAL NAME | |
| Personal name | Hansen, Alvin H., |
| Relator term | autor |
| 9 (RLIN) | 27540 |
| 245 #0 - TITLE STATEMENT | |
| Title | Teoría monetaria y política fiscal / |
| Statement of responsibility, etc. | Alvin H. Hansen ; traducción de Alena Justic de Flores y Horacio Flores de la Peña |
| 250 ## - EDITION STATEMENT | |
| Edition statement | Segunda edición |
| 260 ## - PUBLICATION, DISTRIBUTION, ETC. | |
| Place of publication, distribution, etc. | Bogotá : |
| Name of publisher, distributor, etc. | Fondo de Cultura Económica, |
| Date of publication, distribution, etc. | 1960. |
| 300 ## - PHYSICAL DESCRIPTION | |
| Extent | 257 páginas : |
| Other physical details | ilustraciones y gráficas en blanco y negro ; |
| Dimensions | 21 cm. |
| 490 0# - SERIES STATEMENT | |
| Series statement | Sección de obras de Economía : |
| 501 ## - WITH NOTE | |
| With note | Con: notas a pie de página. |
| 504 ## - BIBLIOGRAPHY, ETC. NOTE | |
| Bibliography, etc. note | Bibliografía : páginas 250-252 |
| 505 0# - FORMATTED CONTENTS NOTE | |
| Formatted contents note | La relación entre la cantidad de dinero y el momento de los ingresos a través de la historia. -- La "creación" de dinero. -- La teoría cuantitativa y su versión marshalliana. -- La preferencia por la liquidez, la inversión y el consumo. -- El ingreso y la tasa de interés. -- La teoría del ingreso. -- Las funciones de costo, la ocupación y los precios. -- Salarios y precios. -- La teoría Keinesiana del dinero y de los precios. -- Ojeada histórica a los precios. -- La política monetaria y fiscal en la inflación posbélica. -- Función del dinero en la política fiscal. |
| 650 14 - SUBJECT ADDED ENTRY--TOPICAL TERM | |
| Topical term or geographic name entry element | Dinero |
| 9 (RLIN) | 38632 |
| 650 24 - SUBJECT ADDED ENTRY--TOPICAL TERM | |
| Topical term or geographic name entry element | Política económica |
| 9 (RLIN) | 39469 |
| 650 24 - SUBJECT ADDED ENTRY--TOPICAL TERM | |
| Topical term or geographic name entry element | Pregunta de moneda |
| 9 (RLIN) | 39462 |
| 700 1# - ADDED ENTRY--PERSONAL NAME | |
| Personal name | Justic de Flores, Alena, |
| Relator term | traductora |
| 9 (RLIN) | 39470 |
| 700 1# - ADDED ENTRY--PERSONAL NAME | |
| Personal name | Flores de la Peña, Horacio, |
| Relator term | traductora |
| 9 (RLIN) | 37534 |
| 942 ## - ADDED ENTRY ELEMENTS (KOHA) | |
| Source of classification or shelving scheme | Dewey Decimal Classification |
| Koha item type | Books |
| Withdrawn status | Lost status | Source of classification or shelving scheme | Damaged status | Not for loan | Home library | Current library | Shelving location | Date acquired | Source of acquisition | Full call number | Barcode | Date last seen | Copy number | Price effective from | Koha item type | Total Checkouts |
|---|---|---|---|---|---|---|---|---|---|---|---|---|---|---|---|---|
| Dewey Decimal Classification | Biblioteca Pública José María del Castillo y Rada | Biblioteca Pública José María del Castillo y Rada | General Stacks | 04/15/2018 | Donación | 332.401 / H249t | 430002519 | 05/16/2024 | Ej.1 | 03/10/2021 | Books | |||||
| Dewey Decimal Classification | Biblioteca Pública José María del Castillo y Rada | Biblioteca Pública José María del Castillo y Rada | General Stacks | 04/15/2018 | Donación | 332.401 / H249t | 430004081 | 05/16/2024 | Ej.2 | 03/10/2021 | Books |